|
|
|
|
| LEADER |
00000nam a2200000 a 4500 |
| 001 |
UCG3549 |
| 003 |
CL-VaPUC |
| 008 |
100902e20100300cl |||||||||||||||||spa|d |
| 020 |
|
|
|a 9789568433338
|
| 082 |
0 |
4 |
|a 983.0646
|b FAR
|2 21
|
| 100 |
0 |
|
|a Farías, Víctor
|e author
|9 552768
|
| 245 |
1 |
4 |
|a Los documentos secretos de Salvador Allende: la caja de fondos en La Moneda
|
| 250 |
|
|
|a 1a. ed
|
| 300 |
|
|
|a 228 p
|
| 942 |
|
|
|c BK
|
| 945 |
|
|
|d 20100902 00:00:00
|a mfarfan
|
| 260 |
|
|
|a s.l
|b Maye
|c 2010
|
| 600 |
0 |
7 |
|a SALVADOR ALLENDE GOSSENS
|2 CL-VaPUC
|9 552678
|
| 650 |
|
0 |
|a Presidentes de Chile
|9 268293
|
| 650 |
|
7 |
|a DOCUMENTOS HISTORICOS
|2 CL-VaPUC
|9 438868
|
| 650 |
|
7 |
|a DOCUMENTOS
|2 CL-VaPUC
|9 366450
|
| 583 |
|
|
|a last modification
|c 20171122 04:26:20
|k Rodrigo Vera
|
| 999 |
|
|
|c 342604
|d 342602
|
| 952 |
|
|
|0 0
|1 0
|4 0
|6 983_064600000000000_FAR_2010
|7 0
|8 A
|9 438912
|a BIBHIS
|b BIBHIS
|d 2019-11-22
|i 4710282
|o 983.0646 FAR 2010
|p 4710282
|r 2025-01-20
|w 2019-11-22
|y BK
|k HIS
|